000 00678cam a2200193 i 4500
005 20251111093819.0
008 250721s9999 ua gr 000 0 ara d
082 1 4 _a158.4
_bب د ر
100 1 _aبدران، عمرو حسن احمد
_eمؤلف.
245 1 0 _aفن الحوار والتفاوض /
_cتأليف دكتور عمرو حسن أحمد بدران.
246 1 1 _adialogue and negotiation art
264 3 1 _aالمنصورة :
_bمكتبة جزيرة الورد،
_c[بين 2005 و2011].
300 _a80 صفحة.
650 1 7 _aعلم النفس.
650 1 7 _aالتفاوض.
650 1 7 _aالحوار.
942 _2ddc
_cBK
999 _c91036
_d91036